Jadīd ʻilm al-ʻarūz̤. (Record no. 88441)

MARC details
000 -LEADER
fixed length control field 00530cam a22002171 4500
001 - CONTROL NUMBER
control field sa 68018463
003 - CONTROL NUMBER IDENTIFIER
control field DLC
005 - DATE AND TIME OF LATEST TRANSACTION
control field 20260227112712.0
008 - FIXED-LENGTH DATA ELEMENTS--GENERAL INFORMATION
fixed length control field 890530s1965 ii 000 0 urdr
010 ## - LIBRARY OF CONGRESS CONTROL NUMBER
LC control number sa 68018463
035 ## - SYSTEM CONTROL NUMBER
System control number (OCoLC)19782620
040 ## - CATALOGING SOURCE
Original cataloging agency DLC
Transcribing agency WaU
Modifying agency DLC
042 ## - AUTHENTICATION CODE
Authentication code premarc
050 00 - LIBRARY OF CONGRESS CALL NUMBER
Classification number PK1979
Item number .A2
100 0# - MAIN ENTRY--PERSONAL NAME
Personal name Abdul Majid,
Dates associated with a name 1892-1977.
245 10 - TITLE STATEMENT
Title Jadīd ʻilm al-ʻarūz̤.
260 ## - PUBLICATION, DISTRIBUTION, ETC.
Date of publication, distribution, etc. 1965
300 ## - PHYSICAL DESCRIPTION
Extent 4, 98 p.
Dimensions 19 cm.
500 ## - GENERAL NOTE
General note In Urdu.
650 #0 - SUBJECT ADDED ENTRY--TOPICAL TERM
Topical term or geographic name entry element Urdu language
General subdivision Versification.

No items available.

Powered by Koha